000 00620nam a2200181Ia 4500
003 GCL
008 140319s9999 xx 000 0 ara d
040 _aGCL /
_cGCL
082 0 4 _a791.43
_bد ع
100 1 _aدار الهلال
245 1 0 _a70 عاما من الاحلام: السينما من الفيلم الصامت الى الواقعية الجديدة /
_cدار الهلال
300 _a209 ص
490 _aالهيئة العامة للاستعلامات
_v0
650 0 4 _aالافلام السينمائية
650 0 4 _aالسينما
650 0 4 _aالسينما العربية
942 _2ddc
_cBK
999 _c47225
_d47225